| 000 | 00899nam a22001817a 4500 | ||
|---|---|---|---|
| 003 | OSt | ||
| 005 | 20251217092814.0 | ||
| 008 | 251217b |||||||| |||| 00| 0 eng d | ||
| 040 | _cDCL | ||
| 082 | _a၂၉၄.၃၉၂ | ||
| 100 | 0 |
_aဖိုးကျား။ _cဦး၊ အမျိုးသားပညာဝန်- |
|
| 245 | 1 | 0 |
_aမြောက်ပိုင်းဗုဒ္ဓဘာသာမဟာယာနဂိုဏ်း / _cအမျိုးသားပညာဝန်ဦးဖိုးကျား။ |
| 250 | _aစတုတ္တအကြိမ်။ | ||
| 264 |
_aရန်ကုန် ၊ _bစိတ်ကူးချိုချိုစာပေ၊ _c၂၀၂၄။ |
||
| 300 |
_a၁၅၆ စာမျက်နှာ ၊ _c၂၁ စင်တီ။ |
||
| 650 | _aမဟာယာနဗုဒ္ဓဘာသာ | ||
| 942 |
_2ddc _cSHORT TERM _n0 |
||
| 999 |
_c2743 _d2743 |
||